00705nam a2200241 a 4500001001300000003000900013005001700022008004100039020001000080082001700090100002500107245006900132260004200201300000900243500003500252505001000287650001600297700002500313902000800338942000700346952009500353999001500448nice12345678IN_TiNIC20260116011546.0050524s1927 oxfa grp 000 0 eng  ac10000a296.311bMAR aMarmorstein, A Rabbi aOld Rabbinic Doctrine of God. 1.The Names and Attributes of God. aOxfordbOxford University Pressc1927 a217p aincludes index and biblioraphy2 aIndex aGod-Judaism1 aMarmorstein, A Rabbi bSRS cBK 00104070aHMIbHMId2007-07-27g100.00l0o296.311 MARp598r2007-07-27w2026-01-16yEB c2609d2609